[Event "FRA-chT"]
[Site "?"]
[Date "1995.??.??"]
[Round "?"]
[White "Spiridonov, Nikola"]
[Black "David, Alberto"]
[Result "0-1"]
[WhiteElo "2420"]
[BlackElo "2425"]
[PlyCount "58"]
[EventDate "1995.??.??"]
[Source "ChessBase"]
[SourceDate "1996.11.15"]

1. d4 Nf6 2. c4 g6 3. Nc3 Bg7 4. Bg5 O-O 5. e3 d6 6. h3 c5 7. Nf3 Bf5 8. Bd3
Bxd3 9. Qxd3 Nc6 10. d5 Na5 11. O-O a6 12. a4 Qb6 13. Rab1 Rfe8 14. b3 Nd7 15.
Bf4 Qb4 16. Na2 Qb6 17. e4 e5 18. dxe6 Rxe6 19. Rfd1 Nc6 20. Bxd6 Rd8 21. Bf4
Nf6 22. Qc2 Nxe4 23. Rxd8+ Qxd8 24. Rd1 Nd4 25. Nxd4 Bxd4 26. Be3 Ng3 27. Bxd4
Ne2+ 28. Kh1 Nxd4 29. Nc1 Re1+ 0-1

[Event "FRA-chT"]
[Site "?"]
[Date "1995.??.??"]
[Round "?"]
[White "Szabolcsi, Janos"]
[Black "Flear, Glenn C"]
[Result "1/2-1/2"]
[WhiteElo "2470"]
[BlackElo "2480"]
[PlyCount "58"]
[EventDate "1995.??.??"]
[Source "ChessBase"]
[SourceDate "1996.11.15"]

1. d4 d5 2. Nf3 Nf6 3. c4 e6 4. Bg5 Nbd7 5. e3 c6 6. Nbd2 Be7 7. Bd3 b6 8. O-O
Bb7 9. cxd5 Nxd5 10. Nc4 N7f6 11. e4 Nb4 12. e5 b5 13. exf6 gxf6 14. Bd2 bxc4
15. Bxc4 Nd5 16. Re1 Qd7 17. Qe2 h5 18. Rac1 Rc8 19. Ba6 Kf8 20. Rc2 Bb4 21.
Bxb7 Qxb7 22. a3 Bd6 23. b4 Ke7 24. Nh4 Kd7 25. g3 Qb5 26. Qf3 Qa4 27. Qd3 Qb5
28. Qf3 Qa4 29. Qd3 Qb5 1/2-1/2

[Event "FRA-chT"]
[Site "?"]
[Date "1995.??.??"]
[Round "?"]
[White "Szabolcsi, Janos"]
[Black "Sermier, Guillaume"]
[Result "1/2-1/2"]
[WhiteElo "2470"]
[BlackElo "2280"]
[PlyCount "90"]
[EventDate "1995.??.??"]
[Source "ChessBase"]
[SourceDate "1996.11.15"]

1. d4 d5 2. Nf3 c6 3. c4 e6 4. e3 f5 5. Ne5 Nf6 6. g4 fxg4 7. h3 g3 8. fxg3 Bd6
9. Nd2 Nbd7 10. Ndf3 Qc7 11. g4 Nxe5 12. dxe5 Bxe5 13. Bd3 O-O 14. Qc2 Ne4 15.
Bxe4 dxe4 16. Qxe4 Bxb2 17. Bxb2 Qg3+ 18. Kd2 Qxf3 19. Qxf3 Rxf3 20. Ke2 Rf8
21. Ba3 Re8 22. Bd6 b6 23. c5 Ba6+ 24. Kf3 bxc5 25. Bxc5 e5 26. Rac1 e4+ 27.
Kg3 Bd3 28. Rh2 a5 29. Bd6 Bb5 30. Rf2 a4 31. Rcc2 Rad8 32. Bc5 Bd3 33. Rc3 Bb5
34. Rcc2 Bd3 35. Rc1 Bb5 36. a3 Rd7 37. Bd4 Rd5 38. Rf4 Rd7 39. Rc5 Rd5 40. Rc2
Rd7 41. Rf5 Rd6 42. h4 Rd7 43. Rcc5 Rde7 44. Rc2 Rd7 45. Rcc5 Rde7 1/2-1/2

[Event "FRA-chT"]
[Site "?"]
[Date "1995.??.??"]
[Round "?"]
[White "Tasic, Branislav"]
[Black "Anic, Darko"]
[Result "1/2-1/2"]
[WhiteElo "2225"]
[BlackElo "2410"]
[PlyCount "91"]
[EventDate "1995.??.??"]
[Source "ChessBase"]
[SourceDate "1996.11.15"]

1. d4 c6 2. c4 f5 3. g3 Nf6 4. Bg2 g6 5. Nh3 Bg7 6. O-O O-O 7. Nc3 d6 8. d5 e5
9. dxe6 Bxe6 10. Qd3 Na6 11. Rd1 Ne8 12. b3 h6 13. Bb2 Nc5 14. Qd2 a5 15. Nf4
Bf7 16. e4 g5 17. Nd3 Nxe4 18. Nxe4 Bxb2 19. Qxb2 fxe4 20. Bxe4 Qf6 21. Qxf6
Nxf6 22. Bg2 Rae8 23. Rd2 Ne4 24. Re2 Nc3 25. Rxe8 Rxe8 26. Bf1 Bg6 27. a3 Ne2+
28. Bxe2 Rxe2 29. Rd1 Kf7 30. Kf1 Rc2 31. c5 Bh5 32. Re1 Rd2 33. Re3 Bg6 34.
Ne1 dxc5 35. Nf3 Rd6 36. Ne5+ Kf8 37. Ke2 Bh5+ 38. g4 Be8 39. Nc4 Rd8 40. Nxa5
b5 41. Nb7 Ra8 42. Nxc5 Rxa3 43. Ne6+ Kf7 44. Nd8+ Kf8 45. Ne6+ Kf7 46. Nd8+
1/2-1/2

[Event "FRA-chT"]
[Site "?"]
[Date "1995.??.??"]
[Round "?"]
[White "Tasic, Branislav"]
[Black "Vaisman, Volodia"]
[Result "1/2-1/2"]
[WhiteElo "2225"]
[BlackElo "2390"]
[PlyCount "45"]
[EventDate "1995.??.??"]
[Source "ChessBase"]
[SourceDate "1996.11.15"]

1. d4 Nf6 2. Nf3 c5 3. d5 g6 4. c4 Bg7 5. Nc3 d6 6. e4 O-O 7. Be2 e6 8. O-O
exd5 9. cxd5 Na6 10. Nd2 Nc7 11. a4 Nfe8 12. Nc4 f5 13. exf5 Bxf5 14. Ne3 Bd7
15. Bd2 b6 16. Rb1 Qh4 17. g3 Qe7 18. Bf3 Bh3 19. Bg2 Bxg2 20. Kxg2 Nf6 21. Qc2
Qd7 22. Qd3 Rae8 23. h3 1/2-1/2

[Event "FRA-chT"]
[Site "?"]
[Date "1995.??.??"]
[Round "?"]
[White "Vaisman, Volodia"]
[Black "Goldgewicht, Lionel"]
[Result "1-0"]
[WhiteElo "2390"]
[BlackElo "2305"]
[PlyCount "103"]
[EventDate "1995.??.??"]
[Source "ChessBase"]
[SourceDate "1996.11.15"]

1. Nf3 e6 2. d4 f5 3. Bf4 Nf6 4. e3 Be7 5. h3 O-O 6. Nbd2 b6 7. Bd3 Bb7 8. c3
Ne4 9. Qc2 Nxd2 10. Kxd2 d6 11. Rae1 Nd7 12. Bc4 d5 13. Bd3 c5 14. g4 c4 15.
Be2 Nf6 16. gxf5 exf5 17. Ng5 Qd7 18. Reg1 b5 19. Rg2 b4 20. Rhg1 Kh8 21. Ke1
a5 22. Be5 g6 23. h4 Bd6 24. f4 Bc6 25. h5 gxh5 26. Rh2 bxc3 27. bxc3 Ba4 28.
Qc1 Bxe5 29. dxe5 Ne4 30. Rxh5 Nxg5 31. Rhxg5 Rab8 32. Kf2 Qb5 33. Qd2 Qc5 34.
Rh1 Rb7 35. Rh6 Bc6 36. Qd4 Qxd4 37. exd4 Ba4 38. Ra6 Rb2 39. Ke3 Rc2 40. Rxa5
Rxc3+ 41. Kf2 Ra3 42. Rxd5 Rxa2 43. Rg1 c3 44. e6 Rg8 45. Re1 c2 46. Rc5 Rb8
47. d5 Kg7 48. Rc7+ Kf8 49. Rf7+ Kg8 50. Rg1+ Kh8 51. e7 Rg8 52. Rf8 1-0

[Event "FRA-chT"]
[Site "?"]
[Date "1995.??.??"]
[Round "?"]
[White "Verdier, Patrice"]
[Black "Conquest, Stuart"]
[Result "0-1"]
[WhiteElo "2230"]
[BlackElo "2520"]
[PlyCount "119"]
[EventDate "1995.??.??"]
[Source "ChessBase"]
[SourceDate "1996.11.15"]

1. d4 e6 2. c4 Bb4+ 3. Nc3 b6 4. e3 Bb7 5. Nge2 Nf6 6. a3 Be7 7. d5 O-O 8. Ng3
a5 9. Be2 Na6 10. O-O Re8 11. e4 exd5 12. cxd5 Bc5 13. Bf4 Kh8 14. e5 Ng8 15.
Bd3 g6 16. Qg4 Bf8 17. Nge4 Nc5 18. Bc2 Nxe4 19. Nxe4 Bxd5 20. Ng5 h6 21. Nf3
b5 22. Rad1 Be6 23. Qg3 Ra6 24. Nd4 Bc4 25. Rfe1 c5 26. b3 cxd4 27. bxc4 bxc4
28. Rxd4 d5 29. Ba4 Ree6 30. Red1 Ne7 31. Rxc4 Bg7 32. Rc5 Kh7 33. Qc3 Ra7 34.
h3 Qb8 35. Re1 Rb7 36. Rxa5 Rb1 37. Rxb1 Qxb1+ 38. Kh2 Qe4 39. Bg3 Bxe5 40.
Bxe5 Rxe5 41. Bc2 Qf4+ 42. Qg3 Qd4 43. Qf3 Kg7 44. Ra4 Qc5 45. Rf4 f5 46. Qd3
h5 47. g4 hxg4 48. hxg4 Re4 49. Rxe4 Qxf2+ 50. Kh3 fxe4 51. Qc3+ Kf7 52. Bxe4
dxe4 53. Qc4+ Kg7 54. Qxe4 Qc5 55. a4 g5 56. Kg3 Ng6 57. Qb7+ Kh6 58. Qb3 Qe5+
59. Kg2 Nf4+ 60. Kg1 0-1

[Event "FRA-chT"]
[Site "?"]
[Date "1995.??.??"]
[Round "?"]
[White "Zawadski, Stephane"]
[Black "Marciano, David"]
[Result "0-1"]
[WhiteElo "2225"]
[BlackElo "2430"]
[PlyCount "108"]
[EventDate "1995.??.??"]
[Source "ChessBase"]
[SourceDate "1996.11.15"]

1. d4 Nf6 2. c4 e6 3. Nc3 Bb4 4. a3 Bxc3+ 5. bxc3 c5 6. e3 Nc6 7. Bd3 d6 8. Ne2
e5 9. d5 e4 10. Bb1 Ne5 11. Ng3 O-O 12. Nxe4 Nxe4 13. Bxe4 Qh4 14. Bd3 Nxd3+
15. Qxd3 b6 16. O-O Ba6 17. f4 f5 18. e4 fxe4 19. Qe2 e3 20. Bxe3 Rae8 21. Rad1
Qe7 22. f5 Qe5 23. Qd3 Bc8 24. f6 Rxf6 25. Rxf6 Qxf6 26. Rf1 Qe7 27. Bf4 Rf8
28. h3 Rf6 29. Bg3 Rxf1+ 30. Qxf1 g5 31. Qf3 Kg7 32. Kh2 Kg6 33. Qd3+ Bf5 34.
Qf3 h5 35. h4 gxh4 36. Bf4 Bg4 37. Qe3 Qxe3 38. Bxe3 Kf6 39. Bf4 Ke7 40. Bg5+
Kd7 41. Bxh4 Be2 42. Kg3 Bxc4 43. Kf4 Bxd5 44. g3 Kc6 45. Be7 Bg2 46. Ke3 d5
47. Kd3 Be4+ 48. Kd2 Kb5 49. Bd8 Ka4 50. Bc7 Kxa3 51. Bb8 a5 52. Ba7 c4 53.
Bxb6 a4 54. Kc1 Kb3 0-1